000 00595nam a22001817a 4500
005 20251108164021.0
008 250721s1994 xx 000 0 ara d
082 1 4 _a001.6424/محم
100 1 _aقبيعه، محمد جمال أحمد
245 1 0 _aأساسيات البرنامج ويندوز مع دعم للغة العربية /
264 1 _aبيروت :
_bدار الراتب،
_c1994.
300 _a389ص.
490 0 _aسلسلة المبرمج العربي المتطور
650 1 7 _aالحواسيب
650 1 7 _aبرامج الحاسوب
942 _2ddc
_cBK
999 _c1499
_d1499